| 000 | 01889nam a22002417a 4500 | ||
|---|---|---|---|
| 999 |
_c60102 _d60102 |
||
| 003 | Ge_BSU | ||
| 005 | 20230608151444.0 | ||
| 008 | 230608s2011 ge ||||| |||| 00| 0 geo d | ||
| 020 | _a9789941910586 | ||
| 041 | _ageo | ||
| 080 | _a902.2(479.22) ნ-86 | ||
| 100 |
_aნიორაძე, გიორგი _918569 |
||
| 245 |
_aშრომები = Die Werke = Труды : _b 5 ტომად. ტ. 1, საქართველოს გვიანბრინჯაოს, ანტიკური და შუასაუკუნეების ხანის არქეოლოგიური ძეგლები = Spatbronzezeitliche, antike und mittelalterliche archaologische Fundorte aus Georgien = Археологические памятники позднебронзовой, античной и средневековой эпох Грузии / _cგიორგი ნიორაძე ; შემდგენელ-რედაქტორი მედეა ნიორაძე ; რედაქტორი ანდრია აფაქიძე ; საქართველოს ეროვნული მუზეუმი. |
||
| 264 |
_aთბილისი, _c2011. |
||
| 300 |
_a360 გვ. : _bსურ. _c25 სმ. |
||
| 501 | _aსაძიებლები: გვ. 344-356. | ||
| 504 | _aბიბლიოგრაფია ტექსტის შენიშვნ. | ||
| 653 | _aარქეოლოგიური გათხრები საქართველოში | ||
| 700 |
_aნიორაძე, მედეა _eშემდგენელი, რედაქტორი. _918570 |
||
| 700 |
_aაფაქიძე, ანდრია _eრედაქტორი _95454 |
||
| 710 |
_aსაქართველოს ეროვნული მუზეუმი _918577 |
||
| 942 |
_2udc _cBK |
||